Statistics for Capital Cities Closest to an Unknown Capital City A-Z #7

Click here to take the quiz!

General Stats

  • This quiz has been taken 217 times
  • The average score is 15 of 25

Answer Stats

Capital City% Correct
ZZagreb
82%
JJerusalem
78%
BBaku
75%
AAnkara
74%
SECRETYerevan
74%
UUlaanbaatar
72%
QQuito
71%
WWarsaw
71%
DDamascus
70%
TTbilisi
70%
IIslamabad
69%
OOslo
64%
RRiyadh
64%
HHelsinki
59%
CChisinau
58%
KKuwait City
55%
NNicosia
55%
SSofia
51%
VVilnius
51%
PPristina
47%
FFreetown
45%
MManama
45%
GGaborone
40%
YYaounde
35%
LLjubljana
34%

Score Distribution

Percentile by Number Answered

Percent of People with Each Score

Your Score History

You have not taken this quiz